| 000 | 00560nam a22001817a 4500 | ||
|---|---|---|---|
| 999 |
_c8441 _d8441 |
||
| 008 | 201124b ||||| |||| 00| 0 eng d | ||
| 040 | _aBMS College of Architecture | ||
| 100 | _aC M, Geethanjali | ||
| 245 | _aEco-adventure tourism development center | ||
| 300 | _a51p. | ||
| 500 | _a1BM14AT035 | ||
| 502 |
_8B,Arch _NBMS College of Architecture, Visvesvaraya Technological University _aProject report _d2018 |
||
| 650 | _aAdventure | ||
| 650 | _aTourism development | ||
| 700 |
_aShanthala V _eGuide |
||
| 700 |
_aVinay Nandish _eGuide |
||
| 942 |
_2ddc _cTHE |
||